000 00572nam a2200157Ia 4500
008 240729s9999 xx 000 0 und d
022 _a2179-1074
245 0 _aJournal of Microwaves, Optoelectronics and Electromagnetic Applications
260 _aBrazil
260 _bSociedade Brasileira de Microondas e Optoeletrônica; Sociedade Brasileira de Eletromagnetismo
650 _a Electrical engineering. Electronics. Nuclear engineering
650 _aTechnology
856 _uhttps://doaj.org/toc/a9da2ab0a0a14a0d9fbfefbcc6f89a70
942 _2ddc
942 _cDOAJEJ
999 _c66435
_d66435
945 _a1
_bMadushi Gamage
_c1
_dMadushi Gamage